แสดงรายละเอียดบรรณานุกรม
  กลับหน้าหลัก

Brief Record : Get Marc (ISO 2709) : E-mail record : QR code ปิดหน้าต่าง
E-books : เกี่ยวกับ Collections
LEADER 00000nam 2200000uu 4500
001    214055
003     ULIBM
008    020711s2022 th a 000 0 eng d
020    ^a9783031077807
041    ^aeng
050  4 ^aHD30.28 L911t 2022
100    ^aLyons, John S.
245    ^aTransformational collaborative outcomes management:^bmanaging the business of personal change/^cJohn S. Lyons
260    ^aLexington, KY :^bPalgrave macmillan,^c2022.
300    ^axxiv,308 pages :^bill ;^c24 cm.
650  2 ^aOutcomes Management
650  2 ^aManagement
999    ^aใช้งานได้ทุกระบบ
รายการนี้ยังไม่มีแท็ก
คุณยังไม่ได้ล็อกอิน คุณสามารถมีกิจกรรมร่วมกับเว็บไซต์ได้ แต่ต้องล็อกอินก่อน ::
  ล็อกอิน
ลำดับที่ ประเภท เลขเรียก สถานที่ สถานะ
1. หนังสือทั่วไป
หนังสือทั่วไป
HD30.28 L911t 2022 c.1 
  
การบริหารและพัฒนาวิชาชีพ ถูกยืม กำหนดส่งวันที่ 5 กรกฎาคม 2569
  จอง
Note:จัดซื้อปีงบประมาณ 2566 (หลักสูตร ป.โท)
   [แสดง 1/1 รายการ]

รายการใกล้เคียง
    หัวเรื่อง [Management]

BibComment


ยังไม่เคยถูกคอมเมนท์

คอมเมนท์ทรัพยากรรายการนี้
  คอมเมนท์: Transformational..
Bib 214055

 
 
 

 Union Library Management : ULibM
Copyright 2026. All Rights Reserved.
скачать бесплатно без регистрации порно красивый секс HD Sex Hindi sex

xxx gou

xxxx

bfxxx

xxxwww

Секса Видео

xxxx

Секса Видео

detube

geilexxx

C99 Shell

worms shell

blod xxx video
Ebony Coed Rihanna Rimes Takes A Dick In Her Young Twat priyaa indian fuck anal and pusssy hardcore indian women xxx desi hardcore fucking part 1 bengalixxxcouple